| 000 | 00549 a2200181 4500 | ||
|---|---|---|---|
| 020 | _a0138413053 | ||
| 082 | 0 | 0 | _a512.5 |
| 090 |
_c460 _d460 |
||
| 100 | 1 | _aKolman, Bernard, | |
| 245 | 1 | 0 | _aIntroductory linear algebra with applications. |
| 250 |
_a6th ed. / _bBernard Kolman, with the assistance of David R. Hill. |
||
| 260 |
_aUpper Saddle River, N.J. : _bPrentice Hall, _cc1997. |
||
| 300 |
_axvii, 608, 70, 8 p. ; _c24 cm. |
||
| 500 | _aIncludes index. | ||
| 650 | 0 | _aAlgebras, Linear. | |
| 700 | 1 |
_aHill, David R. _d1943- |
|
| 942 |
_cBK _k512.5 KOL |
||
| 999 |
_c4446 _d4446 |
||